Statistics for Best National Soccer teams

Click here to take the quiz!

General Stats

  • This quiz has been taken 185 times
  • The average score is 21 of 30

Answer Stats

NumberCountry% Correct
2Brazil
99%
5Argentina
95%
7France
93%
1Germany
93%
4Portugal
90%
10Spain
90%
13England
88%
19Italy
86%
25USA
86%
3Belgium
85%
15Mexico
84%
17Netherlands
80%
20Croatia
77%
14Uruguay
77%
24Sweden
76%
9Chile
75%
16Colombia
71%
8Poland
71%
12Denmark
69%
6Switzerland
69%
11Peru
61%
26Austria
55%
27Senegal
52%
18Wales
50%
22Iceland
43%
23Costa Rica
41%
28Slovakia
36%
30Romania
29%
21Tunisia
24%
29Northern Ireland
16%

Score Distribution

Percentile by Number Answered

Percent of People with Each Score

Your Score History

You have not taken this quiz